Central Library OPAC University of Rajshahi
Normal view MARC view

Entry Personal Name

Number of records used in: 4

001 - CONTROL NUMBER

  • control field: 15030

003 - CONTROL NUMBER IDENTIFIER

  • control field: BD-RjUL

005 - DATE AND TIME OF LATEST TRANSACTION

  • control field: 20250219110549.0

008 - FIXED-LENGTH DATA ELEMENTS

  • fixed length control field: 250219|| aca||aabn | a|a d

040 ## - CATALOGING SOURCE

  • Original cataloging agency: BD-RjUL
  • Transcribing agency: BD-RjUL

100 ## - HEADING--PERSONAL NAME

  • Personal name: Momin Khan,
  • Dates associated with a name: 1800-1851?

670 ## - SOURCE DATA FOUND

  • Source citation: Work cat.: (BD-RjUL)84701: مؤمن, محمد مؤمن خان ;; Mumin, Muhammad Momin Khan 6570, اردو كا كلاسيكي ادب: کليات مومن / ardu ka kilasikaa adab :Kullīyāt-i Momīn /